Представление документа в формате RUSMARC

ПолеНазваниеЗначение
  Тип записи a
  Библиографический уровень m
001 Контрольный номер 30cd240ec91e4212bb8ee21de9c7cf71
005 Дата корректировки 20140527170106.7
010 Индекс ISBN __
a ISBN 978-5-699-23767-8
101 Язык документа 0_
a Язык текста rus
102 Страна публикации __
a Страна публикации RU
200 Заглавие и сведения об ответственности 1_
a Заглавие 1С: Предприятия: 7.7 Торговля+Склад и 8.0 Управление торговлей
e Сведения, относящиеся к заглавию практ. курс менеджера
f Первые сведения об ответственности ред. Е. П. Фигурнов
205 Сведения об издании __
a Основные сведения об издании 2-е изд.
210 Выходные данные 1_
c Издательство ЭКСМО
a Место издания М.
d Дата издания 2008
215 Физическое описание __
a Объем 207, [1] с.
225 Серия 2_
a Серия Мастер-класс
610 Ключевые слова 0_
a Ключевые слова
610 Ключевые слова 0_
a Ключевые слова бухгалтерский учет
610 Ключевые слова 0_
a Ключевые слова автоматизация бухгалтерского учета
686 Индексы других классификаций __
a Классификационный индекс 65.052.9(2)214
2 Код системы rubbk
702 Вторичная интеллектуальная ответственность _1
a Фамилия Фигурнов
b Имя Е. П.
4 Код отношения 340
801 Источник записи _0
a Страна RU
b Организация РУК
c Дата составления 20091218
g Правила каталогизации PSBO
801 Источник записи _1
a Страна RU
b Организация РУК
c Дата составления 20091218
g Правила каталогизации PSBO
852 Данные о местонахождении __
j Шифр хранения ББК 65.052
i Авторский знак О-42
901 Тип документа __
t Тип документа m
938 Служебная информация __
a Название организации Головной вуз
b Имя БД BOOK
c Название АИБС АИБС ИРБИС